000 00310 a2200121 4500
001 57507
082 _a347.095491 DAW
090 _c35237
_d35237
100 _aDawood, J.M
245 _aRole of superior judiciary in the politics of Pakistan
260 _aKarachi
_bRoyal Book Co
_c1994
300 _a148p
942 _aNUST-CAE
_k347.095491 DAW
999 _c292580
_d292580